| 000 | 01032cab a2200313 4500 | ||
|---|---|---|---|
| 001 | ABS50576 | ||
| 008 | 090401t1994 xxu||||| |||| 00| 0 eng d | ||
| 035 | _a(Sirsi) u76524 | ||
| 041 | _aeng | ||
| 100 | _aAkintoye, S.A. | ||
| 245 | 2 | _aA comparative analysis of three macro price forecasting models | |
| 260 | _c1994 | ||
| 350 | _a0 | ||
| 490 |
_aConstruction Management & Economics _v12(3) 1994, 257-270(14) |
||
| 520 | _aCompares the BCIS and Davis, Langdon & Everest systems of building price forecasting systems with the authors` reduced-form simultaneous equation, using a variety of accuracy criteria. | ||
| 650 | _aACCURACY | ||
| 650 | _aBCIS | ||
| 650 | _aBUILDING PRICE INDEX | ||
| 650 | _aCONSTRUCTION PRICE MOVEMENTS | ||
| 650 | _aECONOMETRIC MODELS | ||
| 650 | _aFORECAST ACCURACY | ||
| 650 | _aFORECASTING | ||
| 650 | _aRELIABILITY | ||
| 650 | _aBCIS ALL-IN TENDER PRICE INDEX | ||
| 690 | _aBUILT ENVIRONMENT-BUILDING COSTS | ||
| 700 | _aSkitmore, R.M. | ||
| 942 | _n0 | ||
| 948 | _c04/03/1997 | ||
| 999 |
_c48116 _d48116 |
||